| 000 | 00872nam a2200253 a 4500 | ||
|---|---|---|---|
| 001 | BRCA_7516 | ||
| 005 | 20190320205853.0 | ||
| 008 | 110513s1949----mx-a######---#000-0#spa-# | ||
| 041 | _aspa | ||
| 044 | _amx | ||
| 050 | 4 |
_aZ7120 _b.C38 1949 |
|
| 245 | 1 | 0 |
_aCatálogo de obras escritas en lenguas indígenas de México o que tratan de ellas _bde la biblioteca particular de Salvador Ugarte _cprólogo de Daniel Kuri Breña. |
| 260 |
_aMéxico _bJus _c1949 |
||
| 300 |
_axxiii, 214 p. _bil. _c24 cm. |
||
| 500 | _aIncluye índice de obras impresas, índice de materias e índice de lenguas | ||
| 500 | _aR58 | ||
| 504 | _aBibliografía p. 3-5 | ||
| 600 | 1 | 4 |
_aUgarte, Salvador _98168 |
| 650 | 1 | 4 |
_aIndígenas de México _xLenguas _918535 |
| 650 | 1 | 4 |
_aObras escritas _vCatálogos _918536 |
| 700 | 1 |
_aKuri Breña, Daniel _epról. _95571 |
|
| 902 | _aGFM | ||
| 942 |
_2lcc _cB |
||
| 999 |
_c7190 _d7190 |
||